00464 2200181 4500001002100000005001500021008004100036020002200077035001900099041000700118082001100125090001700136100001700153245002800170260002400198300003400222650002600256INLIS00000000001009320241224113936241224||||||||| | ||| |||| || |  a978-979-054-218-1 0010-1224010093 aid0 a796.54 a796.54 ANA t0 aAnandita F.P00aTeknik Dasar Perkemahan aBogorbQuadrac2010 a25x18 cm, vi, 74 hlm.; ilus.: 0akesenian dan olahraga